| 000 | 00707nam a2200229Ia 4500 | ||
|---|---|---|---|
| 003 | OSt | ||
| 005 | 20251112153946.0 | ||
| 008 | 210716s2009 xx 000 0 und d | ||
| 020 | _a8178086050 | ||
| 040 | _cAIMIT LIBRARY | ||
| 041 | _aeng | ||
| 082 |
_a005.8 _22 _bSTAW |
||
| 100 |
_aStallings, William. _943452 |
||
| 245 |
_aCryptography and network security : _bprinciples and practices / _cBy William Stallings |
||
| 250 | _a2nd ed. | ||
| 260 |
_aNew Delhi : _bPearson Education , _c2009. |
||
| 300 |
_axvi,569/2002 _bPB _c24 cm |
||
| 650 |
_aConventional encryption _943453 |
||
| 650 |
_aNetwork security practice _9245245 |
||
| 650 |
_aSystem security _9245246 |
||
| 942 |
_2ddc _cBK _e2nd _k005.8 STAW |
||
| 999 |
_c185029 _d185029 |
||